Normal view
MARC view
- Social change.
Entry Topical Term
001 - CONTROL NUMBER
- control field: 1104
003 - CONTROL NUMBER IDENTIFIER
- control field: OSt
005 - DATE AND TIME OF LATEST TRANSACTION
- control field: 20170504093223.0
008 - FIXED-LENGTH DATA ELEMENTS
- fixed length control field: 170504|| aca||aabn | a|a d
040 ## - CATALOGING SOURCE
- Original cataloging agency: OSt
- Transcribing agency: OSt
150 ## - HEADING--TOPICAL TERM
- Topical term or geographic name entry element: Social change.
670 ## - SOURCE DATA FOUND
- Source citation: Work cat.: (OSt): De Bono, Edward 1933- 1066, Future positive /, 1980, c1979.

PORTAL AKMAL
E-MEL JKDM
AKMAL2U
G-BAM
u-PUSTAKA